00653nam a2200217Ia 450000500170000000800460001703700100006304000080007304000080008104000080008904100080009704100080010508400080011310000290012124500910015026000090024185600630025094200100031399900210032395200910034420260320202003.0008 262003s9999 xx 000 0 eng d aEBOOK aCRL beng cCRL 2eng aeng qCRL aTurner-Williams91136490 0aUnleashing the Power of Data with Trusted AI: A guide for board members and executives bIEEE uhttps://ieeexplore.ieee.org/servlet/opac?bknumber=10769254 cEBOOK c1724671d1724671 00104070aCRLbCRLd2026-03-20l0pCL2128765r2026-03-20 20:20:03w2026-03-20yEBOOK